Provinces (Wamani) of the Inca Empire with a Map - Statistics

General Stats
  • This quiz has been taken 364 times
  • The average score is 12 of 118
Answers on the Map
Answers color-coded by a green-red scale on the quiz's map according to % correct below.
 
Answer Stats
Wamani % Correct
Qusqu
85%
Rimaq
79%
Kitu
68%
Ariqipa
32%
Atakama
24%
Quchapampa
23%
Wanka
23%
Arika
20%
Naska
20%
Qasamarka
20%
Piwra
18%
Ika
16%
Tumpis
15%
Uru
15%
Chili
14%
Qulla
14%
Chimu
13%
Chachapuya
12%
Chincha
12%
Chimputi
11%
Willka
11%
Chanka
10%
Chinchayqucha
10%
Lampalliqi
10%
Lari
10%
Muqiwa
10%
Piru
10%
Pisqu
10%
Quechua
10%
Tukma
10%
Aymara
9%
Charqa
9%
Chicha
9%
Kana
9%
Lipe
9%
Muyupampa
9%
Pakaqi
9%
Umasuyu
9%
Yampara
9%
Kanche
8%
Karanka
8%
Kasma
8%
Kawina
8%
Kullawa
8%
Kuntisuyu
8%
Lupaqa
8%
Lurín
8%
Mala
8%
Runawana
8%
Sama
8%
Suo
8%
Tarapaka
8%
Tarata
8%
Tarma
8%
Ubina
8%
Wampu
8%
Wanapu
8%
Wankapampa
8%
Atawillu
7%
Ayawax'a
7%
Chikama
7%
Kalua
7%
Kunchuku
7%
Lukumpa
7%
Machiqinqa
7%
Pakasmayu
7%
Pasto
7%
Pawqar Tampu
7%
Qaruma
7%
Sora
7%
Ukru
7%
Ulmus
7%
Wamachuku
7%
Wamali
7%
Wankawillka
7%
Waqrachuqu
7%
Warmiy
7%
Wawra
7%
Wayla
7%
Yawyu
7%
Akari
6%
Anqara
6%
Atiku
6%
Chumpiwillka
6%
Kutapampa
6%
Pariwanaqucha
6%
Qarawili
6%
Qhawana
6%
Qillqa
6%
Ruk'ana
6%
Shawsha
6%
Shipipu
6%
Ukhuña
6%
Yawka
6%
Chankay
5%
Chilque
5%
Chira
5%
Chuqllu Qucha
5%
Elki
5%
Humawaka
5%
Kamana
5%
Kañari
5%
Karake
5%
Killaqa
5%
Kiri-kiri
5%
Latakuna
5%
Loa
5%
Palta
5%
Paramunqa
5%
Qaqatanpu
5%
Tampo
5%
Wampachu
5%
Willkapampa
5%
Yanawara
5%
Onocorvo
4%
Wanuku
3%
Kallawaya
2%
No matching quizzes found
Score Distribution
Percent of People with Each Score
Percentile by Number Answered
Your Score History
You have not taken this quiz